Iga Swiatek Finals - Statistics

General Stats
  • This quiz has been taken 60 times
  • The average score is 15 of 21
Answer Stats
Event Opponent Scoreline % Correct
7 Stuttgart 2022 Aryna Sabalenka 6-2 , 6-2
100%
13 Stuttgart 2023 Aryna Sabalenka 6-3 , 6-4
100%
--- Madrid 2023 Aryna Sabalenka 3-6 , 6-3 , 3-6
100%
9 Roland Garros 2022 Coco Gauff 6-1 , 6-3
98%
--- Ostrava 2022 Barbora Krejcíkova 7-5 , 6-7 , 3-6
84%
--- Dubai 2023 Barbora Krejcíkova 4-6 , 2-6
84%
8 Rome 2022 Ons Jabeur 6-2 , 6-2
82%
10 US Open 2022 Ons Jabeur 6-2 , 7-6
82%
12 Doha 2023 Jessica Pegula 6-3 , 6-0
80%
17 WTA Finals 2023 Jessica Pegula 6-1 , 6-0
80%
14 Roland Garros 2023 Karolina Muchova 6-2 , 5-7 , 6-4
77%
5 Indian Wells 2022 Maria Sakkari 6-4 , 6-1
77%
6 Miami 2022 Naomi Osaka 6-4 , 6-0
77%
1 Roland Garros 2020 Sofia Kenin 6-4 , 6-1
75%
3 Rome 2021 Karolina Pliskova 6-0 , 6-0
70%
16 Beijing 2023 Liudmila Samsonova 6-2 , 6-2
59%
11 San Diego 2022 Donna Vekic 6-3 , 3-6 , 6-0
45%
4 Doha 2022 Anett Kontaveit 6-2 , 6-0
41%
15 Warsaw 2023 Laura Siegemund 6-0 , 6-1
41%
2 Adelaide 2021 Belinda Bencic 6-2 , 6-2
39%
--- Lugano 2019 Polona Hercog 3-6 , 6-3 , 3-6
34%
No matching quizzes found
Score Distribution
Percent of People with Each Score
Percentile by Number Answered
Your Score History
You have not taken this quiz